| 000 | 00552nam a2200181Ia 4500 | ||
|---|---|---|---|
| 005 | 20250423100126.0 | ||
| 008 | 250422s9999 xx 000 0 und d | ||
| 020 | _a9780765621207 | ||
| 050 | _aRG 965 .I4 .D88/ | ||
| 100 | _aDutta, Mousumi | ||
| 245 | 0 | _aMaternal and child health in India | |
| 260 | _aNew York | ||
| 260 | _bRoutledge | ||
| 260 | _c2023 | ||
| 300 | _a157 p | ||
| 650 | _aMaternal Health Child Health Maternal-Child Health Services Health Services Accessibility Information Dissemination Community Networks India | ||
| 942 | _cBK | ||
| 999 |
_c32358 _d32358 |
||